书目信息 |
| 题名: |
家具与室内设计专业英语
|
|
| 作者: | 耿晓杰 , 许柏鸣 主编 | |
| 分册: | ||
| 出版信息: | 北京 轻工业出版社 2003.04 |
|
| 页数: | 157页 | |
| 开本: | 26cm | |
| 丛书名: | ||
| 单 册: | ||
| 中图分类: | H319.4:TU | |
| 科图分类: | ||
| 主题词: | 英语 | |
| 电子资源: | ||
| ISBN: | 7-5019-3918-7 | |
| 000 | 00812nam0 2200229 45 | |
| 001 | 0334518046 | |
| 005 | 2003032509351805 | |
| 010 | @a7-5019-3918-7@dCNY 30.00 | |
| 100 | @a20030325d2003 km y0chiy0120 ea | |
| 101 | 0 | @achi |
| 102 | @aCN@b110000 | |
| 200 | 1 | @a家具与室内设计专业英语@Ajia ju yu shi nei she ji zhuan ye ying yu@d=ENGLISH FOR SCIENCE & TECHNOLOGY ON FURNITURE & INTERIOR DESIGN@f耿晓杰,许柏鸣主编@FGeng Xiao Jie,Xu Bai Ming Zhu Bian |
| 210 | @a北京@c轻工业出版社@d2003.04 | |
| 215 | @a157页@d26cm | |
| 300 | @a高等学校专业教材 | |
| 510 | @a=ENGLISH FOR SCIENCE & TECHNOLOGY ON FURNITURE & INTERIOR DESIGN | |
| 606 | 0 | @a英语 |
| 690 | @aH319.4:TU@v3 | |
| 701 | 0 | @a耿晓杰@AGeng Xiao Jie@4主编 |
| 701 | 0 | @a许柏鸣@AXu Bai Ming@4主编 |
| 801 | 0 | @aCN@bPFT@c20030325 |
| 905 | @a@dH319.4:TU@eG336 | |
| 家具与室内设计专业英语=ENGLISH FOR SCIENCE & TECHNOLOGY ON FURNITURE & INTERIOR DESIGN/耿晓杰,许柏鸣主编.-北京:轻工业出版社,2003.04 |
| 157页;26cm |
| 高等学校专业教材.-←并列题名:=ENGLISH FOR SCIENCE & TECHNOLOGY ON FURNITURE & INTERIOR DESIGN |
| ISBN 7-5019-3918-7:CNY 30.00 |
| ● |
| 相关链接 |
|
|
|
正题名:家具与室内设计专业英语
索取号:H319.4:TU/G336
 
预约/预借
| 序号 | 登录号 | 条形码 | 馆藏地/架位号 | 状态 | 备注 |
| 1 | 372187 | 203721874 | 语言库209/209语言库 27排1列3层/ [索取号:H319.4:TU/G336] | 在馆 | |
| 2 | 372188 | 203721883 | 语言库209/209语言库 27排1列3层/ [索取号:H319.4:TU/G336] | 在馆 |